• 首页
  • 本馆介绍
  • 公告通知
  • 最新文献
  • 馆藏检索
  • 电子资源
  • 读者导购
  • 参考咨询
  • 我的图书馆
  • 登录
  • 详细信息显示
  • 放入我的书架
  • 预约/预借图书
  • 作者相关作品
  • 分类相关作品
  • 丛书相关作品
  • 出版社相关作品

书目信息

  • 表格格式
  • 工作单格式
  • 卡片格式
题名:
人文主义与民主批评
    
 
作者: 萨义德 著 ;朱生坚 译
分册:  
出版信息: 北京   新星出版社  2006
页数: 177页
开本: 21cm
丛书名:
单 册:
中图分类: B82-061 , B089
科图分类:
主题词: 人道主义--研究 , 哲学学派--研究
电子资源:
ISBN: 7-80148-966-7
000 01139nam0 2200277 450
001 1254313453
005 20120929150719.21
010    @a7-80148-966-7@dCNY18.00
100    @a20060104d2006 em y0chiy50 ea
101 1  @achi@ceng
102    @aCN@b110000
105    @ay z 000yy
106    @ar
200 1  @a人文主义与民主批评@dHumanism and democratic criticism@f(美)爱德华·W. 萨义德(Edward W. Said)著@g朱生坚译@zeng@Aren wen zhu yi yu min zhu pi ping
210    @a北京@c新星出版社@d2006
215    @a177页@d21cm
330    @a本书论述了人文主义更民主的形式——其目的是共享、解放和启蒙——仍然是可能的。在深入到人文主义的传统思想中与前哲们展开对话后,萨义德提出了他的主张:“言词”是历史和政治变迁至关重要的载体,而阅读则教会人们去不断地质疑、推翻、革新。
510 1  @aHumanism and democratic criticism@zeng
606 0  @a人道主义@x研究
606 0  @a哲学学派@x研究
690    @aB82-061@v4
690    @aB089@v4
701  0 @c(美)@a萨义德@c(Said, Edward W.@f1935~2003)@4著@Asa yi de
702  0 @a朱生坚@4译@Azhu sheng jian
801  0 @aCN@b大连网信软件有限公司图书馆·11@c20120929
905    @a10447@dB089@eJY89
    
    人文主义与民主批评=Humanism and democratic criticism/(美)爱德华·W. 萨义德(Edward W. Said)著/朱生坚译.-北京:新星出版社,2006
    177页;21cm
    
    
    ISBN 7-80148-966-7:CNY18.00
    本书论述了人文主义更民主的形式——其目的是共享、解放和启蒙——仍然是可能的。在深入到人文主义的传统思想中与前哲们展开对话后,萨义德提出了他的主张:“言词”是历史和政治变迁至关重要的载体,而阅读则教会人们去不断地质疑、推翻、革新。
●
相关链接 在E读中查询图书 在五车中查询图书 在当当中查询图书 在豆瓣中查询图书


正题名:人文主义与民主批评     索取号:B089/JY89         预约/预借

序号 登录号 条形码 馆藏地/架位号 状态 备注
1 7809654   278096542   学院路分馆/ [索取号:B089/JY89] 在馆    
2 7809655   278096551   学院路分馆/ [索取号:B089/JY89] 在馆    
唐山师范学院图书馆 欢迎您!
大连网信软件有限公司© 版权所有